000 00359 a2200169 4500
001 184277
020 _a85-7372-344-0
040 _cMagnum
100 _aVieira, Thereza Freire
240 1 0 _aO gaivota e o urubu
_lpor
245 1 0 _aO gaivota e o urubu
300 _a91
362 0 _a2000
440 1 _aFTD
697 _aLITERATURA JUVENIL
942 _cBK
999 _c184277
_d184277